000 00655nmm a2200193Ia 4500
008 251105s9999||||xx |||||||||||||||||und||
041 _aspa
100 _aGreciet Paredes, Paula
245 0 _aContabilidad básica para micro, pequeña y medianas empresas en Honduras
264 _a[Madrid, España] :
_bMinisterio de Educación, Cultura y Deporte de España,
_c2012
300 _a295 páginas
490 _aAula Mentor
650 _aEconomics and Business
700 _aGreciet Paredes, Paula
700 1 _a Armando Flores, Gustavo
700 1 _a Ortega Ortega, Dolores
856 _uhttps://public.digitaliapublishing.com/a/20919
942 _cCF
999 _c66467
_d66467